000 00435nam a2200169Ia 4500
005 20250923144546.0
008 008 250917s9999 xx 000 0 eng d
037 _aReports
040 _aDSWL
_beng
_cDSWL
041 _aeng
_2eng
084 _qDSWL
245 0 _aProblem of housing of social interest
260 _aWashington
_bAmerican Union Press
_c1954
300 _aix,232p.
942 _cREP
999 _c1440477
_d1440477